000 01267nam a2200265Ia 4500
999 _c52505
_d52505
001 19528
003 GE_BSU
005 20200221165500.0
008 181216s1982||||g |||||||||||||| ||geo||
040 _cGE_BSU
041 _ageo
080 _a003.334.2 მ-43
100 _aმაჭავარიანი, ელენე
_97337
245 _aქართული ანბანის გრაფიკული საფუძვლები /
_cელენე მაჭავარიანი ; რედ. ნ. ჯანაშია
264 _aთბილისი :
_bხელოვნება,
_c1982.
300 _a107 გვ. :
_bილ. ;
_c21 სმ.
520 _aრეზიუმე რუსულ და ფრანგულ ენებზე
541 _h70თ.
653 _aდამწერლობა
653 _aქართული ანბანი
653 _aქართული დამწერლობა
700 _aჯანაშია, ნ.
_eრედაქტორი
_91523
710 _aსაქართველოს სსრ წიგნის მოყვარულთა ნებაყოფლობითი საზოგადოებაბა
_97338
942 _cBK
_2udc